載入...

Socialism, capitalism and economic growth

書目詳細資料
主要作者: Feinstein, C H
格式: Printed Book
出版: University Press Cambridge 1969
主題:
LEADER 00505nam a2200193 4500
020
082 |a 330.1 FEI-S 
100 |a Feinstein, C H 
245 |a Socialism, capitalism and economic growth 
250
260 |a University Press Cambridge  |c 1969 
300
490
500
590
650 |a Economic systems and theories 
942 |c BK 
999 |c 108223  |d 108223 
952 |0 0  |1 0  |4 0  |6 330_100000000000000_FEIS  |7 0  |9 121690  |a ECN  |b ECN  |l 0  |o 330.1 FEI-S  |p ECN05256  |r 2019-09-25  |w 2019-09-25  |y BK